[Event "9. Miedzynardowy Turniej Klubu Polonia Wroclaw<br/>Turniej OPEN"]
[Site "Wroclaw"]
[Date "2014-07-05"]
[Round "5.11"]
[White "Marko, Piotr"]
[Black "Khamidov, Komil"]
[Result "0-1"]
[WhiteTitle "II"]
[BlackTitle "I++"]
[WhiteElo "1628"]
[BlackElo "2098"]

1. e4 e5 2. Nf3 Nc6 3. Bb5 a6 4. Bxc6 dxc6 5. d4 exd4 6. Qxd4 Qxd4 7. Nxd4 Bd7
8. Be3 O-O-O 9. Nd2 c5 10. Ne2 b6 11. O-O-O Ne7 12. Rhe1 Ng6 13. Nf4 Ne5 14. h3
Bc6 15. Nh5 h6 16. Ng3 g6 17. f4 Nd7 18. f5 Bd6 19. Bf2 Rhg8 20. fxg6 fxg6 21.
Nc4 Bf4+ 22. Kb1 Ne5 23. Rxd8+ Rxd8 24. Ne2 Nxc4 25. Nxf4 Rd2 26. Nd3 Bxe4 27.
Be3 Rxg2 28. b3 Na3+ 0-1

[Event "9. Miedzynardowy Turniej Klubu Polonia Wroclaw<br/>Turniej OPEN"]
[Site "Wroclaw"]
[Date "2014-07-05"]
[Round "5.12"]
[White "Oszczanowski, Witold"]
[Black "Kowalczyk, Mariusz"]
[Result "1/2-1/2"]
[WhiteTitle "I++"]
[BlackTitle "I"]
[WhiteElo "2086"]
[BlackElo "1987"]

1. e4 e5 2. Nf3 Nc6 3. Bb5 f5 4. Nc3 fxe4 5. Nxe4 Nf6 6. Nxf6+ Qxf6 7. Qe2 Be7
8. Bxc6 dxc6 9. Nxe5 Bf5 10. d4 O-O-O 11. c3 c5 12. Nf3 Rhe8 13. Be3 Qg6 14. O-O-O
Qxg2 15. Rhg1 Qh3 16. Rg3 Qh5 17. dxc5 Bxc5 18. Rxd8+ Kxd8 19. Qd1+ Bd6 20. Rg5
Qf7 21. Nd4 Bd7 22. Ra5 a6 23. Qh1 c6 24. Qg2 Kc7 25. Qg5 h6 26. Qh4 Re5 27. Nb3
Rxe3 28. fxe3 Qf1+ 29. Kd2 Qg2+ 30. Kc1 Qf1+ 31. Kd2 Qg2+ 1/2-1/2

[Event "9. Miedzynardowy Turniej Klubu Polonia Wroclaw<br/>Turniej OPEN"]
[Site "Wroclaw"]
[Date "2014-07-05"]
[Round "5.13"]
[White "Guzewicz, Rafal"]
[Black "White, John"]
[Result "1-0"]
[WhiteTitle "I+"]
[BlackTitle "II+"]
[WhiteElo "2076"]
[BlackElo "1973"]

1. d4 Nf6 2. Bf4 g6 3. e3 Bg7 4. h3 O-O 5. Nf3 d6 6. Be2 Nfd7 7. O-O e5 8. Bh2
Nc6 9. c4 f5 10. Nc3 Kh8 11. Rc1 g5 12. dxe5 dxe5 13. Nd5 Nb6 14. Qb3 g4 15. hxg4
fxg4 16. Nd2 Be6 17. Rcd1 Nxd5 18. cxd5 Bxd5 19. Nc4 h5 20. Qc2 e4 21. Bxc7 Qg5
22. Bf4 Qf5 23. Nd6 Qe6 24. Nb5 Rac8 25. Nc7 Rxc7 26. Bxc7 Rc8 27. Qc5 Ne7 28.
Qd6 Qf7 29. Bd8 Nc6 30. Qxd5 Qxd5 31. Rxd5 Rxd8 32. Rxh5+ Kg8 33. Rd1 Rxd1+ 34.
Bxd1 Ne5 35. Bb3+ Kf8 36. Rf5+ Ke7 37. Rf4 Kd6 38. Rxe4 b6 39. Kf1 g3 40. f4 Nd3
41. Re6+ Kd7 42. Rg6 Bxb2 43. Rxg3 Nc5 44. Bc2 a5 45. Rg6 b5 46. Rb6 1-0

[Event "9. Miedzynardowy Turniej Klubu Polonia Wroclaw<br/>Turniej OPEN"]
[Site "Wroclaw"]
[Date "2014-07-05"]
[Round "5.14"]
[White "Kanicki, Krzysztof"]
[Black "Somyk, Marcin"]
[Result "1-0"]
[WhiteTitle "I"]
[BlackTitle "I++"]
[WhiteElo "2028"]
[BlackElo "1965"]

1. e4 g6 2. d4 Bg7 3. Nc3 c6 4. Nf3 d5 5. h3 Nf6 6. e5 Ne4 7. Nxe4 dxe4 8. Ng5
c5 9. Bc4 O-O 10. c3 Nc6 11. Be3 cxd4 12. cxd4 b5 13. Bb3 Bb7 14. O-O Na5 15.
Bc2 Nc4 16. Bxe4 Bxe4 17. Nxe4 Nxb2 18. Qb3 Nc4 19. Qxb5 Nxe3 20. fxe3 Rb8 21.
Qc4 Qa5 22. Rab1 Rxb1 23. Rxb1 Bh6 24. Kf2 Qa3 25. Qb3 Qa6 26. a4 Rc8 27. Nc5
Qa5 28. Qb4 Qd8 29. Rb2 e6 30. Qb7 Rc7 31. Qb8 Rc8 32. Qb7 Rc7 33. Qf3 Bg7 34.
Na6 Rc8 35. Rb7 f6 36. Nc5 Qd5 37. Qxd5 exd5 38. e6 a5 39. Rb5 f5 40. Kf3 Ra8
41. Nd7 Re8 42. Rb8 Rxb8 43. Nxb8 Bf8 44. Nc6 Bb4 45. Nxb4 axb4 46. Ke2 Kf8 47.
a5 Ke7 48. a6 1-0

[Event "9. Miedzynardowy Turniej Klubu Polonia Wroclaw<br/>Turniej OPEN"]
[Site "Wroclaw"]
[Date "2014-07-05"]
[Round "5.15"]
[White "Puszczewicz, Krzysztof"]
[Black "Teclaf, Pawel"]
[Result "0-1"]
[WhiteTitle "k"]
[BlackTitle "CM"]
[WhiteElo "2026"]
[BlackElo "1920"]

1. d4 d5 2. Nf3 Nf6 3. c4 c6 4. Nc3 dxc4 5. a4 Bf5 6. e3 e6 7. Bxc4 Bb4 8. O-O
Nbd7 9. Nh4 Bg6 10. Qb3 a5 11. f4 Be4 12. f5 Bd5 13. fxe6 fxe6 14. Nf3 Qe7 15.
e4 Bxc4 16. Qxc4 e5 17. Bg5 exd4 18. Nxd4 Ne5 19. Qb3 Bc5 20. Nce2 O-O-O 21. Rad1
Neg4 22. Qf3 Rxd4 23. Rxd4 Qxe4 24. Qf5+ Qxf5 25. Rxf5 Bxd4+ 26. Nxd4 Rd8 27.
Bxf6 Nxf6 28. Ne6 Rd1+ 29. Kf2 Rd5 30. Nxg7 Rxf5+ 31. Nxf5 Ne4+ 32. Ke3 Nc5 33.
Nd6+ Kc7 34. Ne8+ Kd7 35. Nf6+ Ke6 36. Nxh7 Nxa4 37. Ng5+ Ke7 38. b3 Nc5 39. Ne4
Nxb3 40. Kd3 b5 41. Kc3 Nc1 42. Kd2 Na2 43. h4 Nb4 44. g4 Nd5 45. g5 Ke6 46. Nc5+
Ke5 47. Nd7+ Kf5 48. Nb8 Ne7 49. Kc3 c5 50. Nd7 Nd5+ 51. Kd3 c4+ 52. Kd4 a4 53.
g6 Kxg6 54. Ne5+ Kh5 55. Nxc4 bxc4 56. Kxc4 Kxh4 57. Kd3 Kg3 58. Kc2 Kf2 59. Kb2
Ke3 60. Ka3 Nb6 0-1

[Event "9. Miedzynardowy Turniej Klubu Polonia Wroclaw<br/>Turniej OPEN"]
[Site "Wroclaw"]
[Date "2014-07-05"]
[Round "5.18"]
[White "Kowalczyk, Mateusz"]
[Black "Grela, Kacper"]
[Result "0-1"]
[WhiteTitle "II+"]
[BlackTitle "I+"]
[WhiteElo "1608"]
[BlackElo "2007"]

1. e4 c5 2. Nf3 Nc6 3. d4 cxd4 4. Nxd4 Nf6 5. Nc3 d6 6. Bg5 e6 7. f4 a6 8. Qd2
Bd7 9. O-O-O Be7 10. Bxf6 Bxf6 11. Nxc6 Bxc6 12. Qxd6 Qxd6 13. Rxd6 Bxc3 14. bxc3
Bxe4 15. Rd4 Bc6 16. Bd3 Rc8 17. Kb2 Ke7 18. Be4 h5 19. Re1 g6 20. Bxc6 Rxc6 21.
a4 Rhc8 22. Re3 Rc5 23. Kb3 g5 24. g3 R8c7 25. Kb4 Kf6 26. c4 Kf5 27. h3 a5+ 28.
Kc3 b5 29. axb5 Rxb5 30. Rde4 gxf4 31. Rxf4+ Kg6 32. Rfe4 Rbc5 33. Kd3 Kf6 34.
Rf3+ Ke7 35. Ref4 f5 36. g4 Kf6 37. gxf5 exf5 38. h4 a4 39. Kc3 a3 40. Kb3 Ra5
41. Ka2 Rb7 42. Rb3 Rxb3 43. cxb3 Ke5 44. b4 Ra4 45. Rf1 Rxb4 46. Rc1 Rb8 47.
c5 f4 48. c6 f3 49. Rc5+ Ke4 50. c7 Rc8 51. Rc6 f2 52. Rf6 Ke3 53. Kxa3 Rxc7 0-1

[Event "9. Miedzynardowy Turniej Klubu Polonia Wroclaw<br/>Turniej OPEN"]
[Site "Wroclaw"]
[Date "2014-07-05"]
[Round "5.19"]
[White "Dzikowski, Michal"]
[Black "Stelmaszuk, Maciej"]
[Result "1-0"]
[WhiteTitle "I"]
[BlackTitle "II+"]
[WhiteElo "1968"]
[BlackElo "1625"]

1. b3 d5 2. Bb2 Nf6 3. e3 c5 4. f4 e6 5. Nf3 Be7 6. Be2 O-O 7. O-O b6 8. Ne5 Bb7
9. d3 Ne8 10. Nd2 f6 11. Nef3 Nd6 12. Re1 Nc6 13. Nf1 Rc8 14. Ng3 Nf5 15. Nxf5
exf5 16. Bf1 Bd6 17. Qd2 Qc7 18. Qf2 Rfe8 19. Rad1 d4 20. g3 Nb4 21. Nh4 g6 22.
a3 Nd5 23. exd4 Rxe1 24. Rxe1 cxd4 25. Bxd4 Qxc2 26. Re8+ Kf7 27. Rxc8 Qxc8 28.
b4 a5 29. Bxb6 axb4 30. axb4 Bxb4 31. Bd4 Qe6 32. Ng2 Ba6 33. Qc2 Bb5 34. Bf2
Qc6 35. Qxc6 Bxc6 36. Ne3 Nxe3 37. Bxe3 Bb5 38. Kf2 Ke6 39. Ke2 h6 40. Bg2 Kd6
41. Bd4 Ke6 42. Bb7 Be7 43. Bc8+ Kd5 44. Bc3 Kc6 45. Be6 Kd6 46. Bg8 g5 47. Ke3
Kd7 48. d4 Ba3 49. d5 Bc1+ 50. Kf3 Ba4 51. Be6+ Ke7 52. Bb4+ Ke8 53. fxg5 Bd1+
54. Kf2 fxg5 55. Bxf5 Ba4 56. Bg6+ Kd8 57. g4 Bf4 58. h3 Bb3 59. Bf7 Bc4 60. Bf8
Kc7 61. d6+ Bxd6 62. Bxd6+ Kxd6 63. Bxc4 h5 64. Ke3 1-0

[Event "9. Miedzynardowy Turniej Klubu Polonia Wroclaw<br/>Turniej OPEN"]
[Site "Wroclaw"]
[Date "2014-07-05"]
[Round "5.20"]
[White "Dadello, Aleksandra"]
[Black "Bebel, Agnieszka"]
[Result "1-0"]
[WhiteTitle "I++"]
[BlackTitle "I"]
[WhiteElo "1880"]
[BlackElo "1524"]

1. e4 c5 2. Nf3 e6 3. d4 cxd4 4. Nxd4 a6 5. Nc3 Qc7 6. Be2 Nf6 7. O-O Bb4 8. Qd3
O-O 9. f4 d6 10. Bd2 Nbd7 11. Bf3 g6 12. Kh1 e5 13. Nde2 Nc5 14. Qe3 Bxc3 15.
Nxc3 Be6 16. f5 Bc4 17. Be2 Bxe2 18. Qxe2 Qc6 19. Bh6 Rfe8 20. fxg6 1-0

[Event "9. Miedzynardowy Turniej Klubu Polonia Wroclaw<br/>Turniej OPEN"]
[Site "Wroclaw"]
[Date "2014-07-05"]
[Round "5.21"]
[White "Kosinski, Bartosz"]
[Black "Dmochowska, Agnieszka"]
[Result "0-1"]
[WhiteTitle "II"]
[BlackTitle "WCM"]
[WhiteElo "1539"]
[BlackElo "1876"]

1. e4 c5 2. f4 d5 3. Nf3 dxe4 4. Ng5 Nf6 5. Bc4 e6 6. Nc3 Be7 7. Ncxe4 Nxe4 8.
Nxe4 a6 9. a4 O-O 10. d3 Bh4+ 11. g3 Bf6 12. Qf3 Bd7 13. Be3 Bxb2 14. Rb1 Bd4
15. c3 Bxe3 16. Qxe3 b6 17. Bb3 Bc6 18. O-O Nd7 19. f5 exf5 20. Nd6 Qf6 21. Nxf5
Rae8 22. Qd2 Ne5 23. Nh4 Qd6 24. d4 c4 25. Bd1 Qd5 26. Nf3 Ng4 27. Rxb6 Ne3 28.
Rf2 Nxd1 29. Qxd1 Re3 30. Kg2 Rfe8 31. Rxa6 Re1 32. Qd2 R8e3 33. Rb6 g6 34. Rxc6
Qxc6 35. a5 Qe4 36. a6 R1e2 37. Qd1 Qxf3+ 0-1

[Event "9. Miedzynardowy Turniej Klubu Polonia Wroclaw<br/>Turniej OPEN"]
[Site "Wroclaw"]
[Date "2014-07-05"]
[Round "5.22"]
[White "Rostolis, Riccardo"]
[Black "Kalinowska, Karolina"]
[Result "1-0"]
[WhiteTitle ""]
[BlackTitle "I"]
[WhiteElo "1870"]
[BlackElo "1515"]

1. e4 e6 2. d4 d5 3. Nc3 Nf6 4. e5 Nfd7 5. f4 c5 6. Nf3 Nc6 7. Be3 Qb6 8. Na4 Qa5+
9. c3 Be7 10. Nxc5 O-O 11. Nxd7 Bxd7 12. Bd3 f6 13. O-O Qb6 14. b4 Rac8 15. Rc1
Be8 16. a4 Bh5 17. Qe1 fxe5 18. dxe5 Qc7 19. Nd4 Nxd4 20. Bxd4 a6 21. Qe3 Bf7
22. f5 exf5 23. Bxf5 Rcd8 24. Bb6 Qc6 25. Bxd8 Bxd8 26. a5 b6 27. e6 Bg6 28. Bxg6
hxg6 29. Rxf8+ Kxf8 30. Rf1+ Ke8 31. e7 Bxe7 32. Re1 Qc7 33. axb6 Qd7 34. Qxe7+
Qxe7 35. Rxe7+ 1-0

[Event "9. Miedzynardowy Turniej Klubu Polonia Wroclaw<br/>Turniej OPEN"]
[Site "Wroclaw"]
[Date "2014-07-05"]
[Round "5.23"]
[White "Bieniek, Kazimierz"]
[Black "Wasylkiewicz, Andrzej"]
[Result "1/2-1/2"]
[WhiteTitle "II"]
[BlackTitle "I"]
[WhiteElo "1636"]
[BlackElo "1785"]

1. e4 d5 2. exd5 Nf6 3. d4 Nxd5 4. c4 Nf6 5. Nc3 Bf5 6. h3 e6 7. Nf3 c6 8. Nh4
Bg6 9. Nxg6 hxg6 10. Be2 Na6 11. O-O Be7 12. Bf3 Nc7 13. Bf4 Bd6 14. Bg5 Qd7 15.
Re1 Kf8 16. a3 Nh5 17. Qd2 Rb8 18. d5 cxd5 19. cxd5 e5 20. Ne4 f5 21. Nxd6 Qxd6
22. Be3 b6 23. Bg5 e4 24. Bxh5 Rxh5 25. Bf4 Qd7 26. Rac1 Rb7 27. Rxc7 Rxc7 28.
Bxc7 Qxc7 29. d6 1/2-1/2

[Event "9. Miedzynardowy Turniej Klubu Polonia Wroclaw<br/>Turniej OPEN"]
[Site "Wroclaw"]
[Date "2014-07-05"]
[Round "5.24"]
[White "Kaczmarczyk, Jakub"]
[Black "Jagiela, Piotr"]
[Result "1/2-1/2"]
[WhiteTitle "II"]
[BlackTitle "I+"]
[WhiteElo "1506"]
[BlackElo "1750"]

1. Nf3 d5 2. d4 g6 3. e3 Bg7 4. Bd3 Nf6 5. O-O Ne4 6. Bxe4 dxe4 7. Nfd2 f5 8. c4
e6 9. Nc3 b6 10. b4 Bb7 11. Qb3 O-O 12. c5 Bd5 13. Nxd5 exd5 14. Bb2 Nc6 15. cxb6
cxb6 16. Rfc1 Qd7 17. Bc3 f4 18. Nxe4 Rae8 19. b5 Nxd4 20. Bxd4 Bxd4 21. exd4
Rxe4 22. Rc7 Qe6 23. Qc3 Re8 24. h3 Re7 25. Rxe7 Qxe7 26. Rc1 Kf7 27. Qc8 Re1+
28. Kh2 Rxc1 29. Qxc1 Qd6 30. f3 Ke7 31. Qc8 Qd7 32. Qxd7+ Kxd7 33. g3 g5 34.
g4 Ke6 35. h4 h6 36. hxg5 hxg5 37. Kg2 Kd6 38. a4 Kc7 39. Kf2 Kb7 40. Ke2 a5 41.
Kd3 1/2-1/2

[Event "9. Miedzynardowy Turniej Klubu Polonia Wroclaw<br/>Turniej OPEN"]
[Site "Wroclaw"]
[Date "2014-07-05"]
[Round "5.25"]
[White "Korpalski, Maciej"]
[Black "Ochowicz, Jakub"]
[Result "0-1"]
[WhiteTitle "II+"]
[BlackTitle "II"]
[WhiteElo "1745"]
[BlackElo "1692"]

1. e4 c6 2. Nf3 d5 3. Nc3 Bg4 4. h3 Bxf3 5. Qxf3 e6 6. d4 dxe4 7. Qxe4 Nf6 8. Qd3
Nd5 9. Be2 Nb4 10. Qd1 Qxd4 11. Bd2 Qd8 12. O-O Be7 13. Bc4 O-O 14. a3 Nd5 15.
Qe2 Nd7 16. Rad1 N7f6 17. Rfe1 Qc7 18. Bg5 Rad8 19. Ne4 Nxe4 20. Bxe7 Nec3 21.
Qh5 Qxe7 22. bxc3 Nxc3 23. Rxd8 Rxd8 24. Qa5 Nd5 25. Bxd5 Rxd5 26. Qxa7 g6 27.
Rb1 Rd7 28. g3 h5 29. Rb4 Rd1+ 30. Kg2 Qd6 31. Qe3 c5 32. Ra4 b5 33. Ra8+ Kg7
34. Qe4 Rd4 35. Qf3 e5 36. Ra7 Qe6 37. Rb7 e4 38. Qe3 Qc6 39. Ra7 Rd6 40. Re7
Rd4 41. Ra7 Qd6 42. Qb3 c4 43. Qe3 Qd5 44. Kh2 Rd2 45. Qc3+ Qd4 46. Qxd4+ Rxd4
47. Rb7 Rd2 48. Kg2 e3 49. Rxb5 Rxf2+ 50. Kg1 Rxc2 51. Kf1 Ra2 52. Rc5 Rxa3 53.
Ke2 Rc3 54. Re5 Kf6 55. Re4 Kg7 56. Rxe3 Rxe3+ 57. Kxe3 Kf6 58. Kd4 Kf5 0-1

[Event "9. Miedzynardowy Turniej Klubu Polonia Wroclaw<br/>Turniej OPEN"]
[Site "Wroclaw"]
[Date "2014-07-05"]
[Round "5.26"]
[White "Lascar, Radoslawa"]
[Black "Rossienik, Wieslaw"]
[Result "1-0"]
[WhiteTitle "I"]
[BlackTitle "II"]
[WhiteElo "1705"]
[BlackElo "1498"]

1. e4 c5 2. c3 Nf6 3. e5 Nd5 4. d4 e6 5. c4 Nb6 6. d5 d6 7. exd6 Bxd6 8. Nf3 exd5
9. cxd5 O-O 10. Nc3 N8d7 11. Bd3 Nf6 12. Bg5 Re8+ 13. Be2 h6 14. Bh4 Bf5 15. b3
Bf4 16. g3 Bb8 17. O-O Bh3 18. Re1 g5 19. Nxg5 hxg5 20. Bxg5 Qd6 21. Bf3 Bd7 22.
Qd2 a6 23. Bf4 Qf8 24. Bh6 Rxe1+ 25. Rxe1 1-0

[Event "9. Miedzynardowy Turniej Klubu Polonia Wroclaw<br/>Turniej OPEN"]
[Site "Wroclaw"]
[Date "2014-07-05"]
[Round "5.27"]
[White "Ilnicki, Tomasz"]
[Black "Knap, Jerzy"]
[Result "1/2-1/2"]
[WhiteTitle "II"]
[BlackTitle "I"]
[WhiteElo "1449"]
[BlackElo "1709"]

1. e4 e6 2. d4 d5 3. exd5 exd5 4. Bf4 Nf6 5. Nf3 Bf5 6. Bd3 Bxd3 7. Qxd3 c6 8.
O-O Be7 9. Nbd2 O-O 10. Rfe1 Re8 11. c3 Nbd7 12. h3 Nf8 13. Re2 Ng6 14. Bh2 Bd6
15. Bxd6 Qxd6 16. Rxe8+ Rxe8 17. Re1 Rxe1+ 18. Nxe1 Qf4 19. Nef3 Ne4 20. Qe3 Nxd2
21. Nxd2 1/2-1/2

[Event "9. Miedzynardowy Turniej Klubu Polonia Wroclaw<br/>Turniej OPEN"]
[Site "Wroclaw"]
[Date "2014-07-05"]
[Round "5.28"]
[White "Molenda, Maja"]
[Black "Nowak, Kamil"]
[Result "0-1"]
[WhiteTitle "II"]
[BlackTitle "I"]
[WhiteElo "1114"]
[BlackElo "1833"]

1. e4 c5 2. Nf3 d6 3. d4 cxd4 4. Nxd4 Nf6 5. Nc3 Nc6 6. Be3 e5 7. Nxc6 bxc6 8.
Bc4 Be7 9. Bb3 Ng4 10. Qf3 O-O 11. Bd2 Qc7 12. Qg3 Kh8 13. f3 Nf6 14. O-O-O Be6
15. Bxe6 fxe6 16. Kb1 d5 17. Bg5 Bd6 18. h4 Rab8 19. h5 h6 20. Bxf6 Rxf6 21. Qh4
Bc5 22. Qh2 Bd4 23. Rxd4 Qb6 24. Na4 Qxd4 25. b3 Qxa4 26. Qxe5 Qb5 27. a4 Qb6
28. Rf1 Rbf8 29. f4 Qb8 30. Qxb8 Rxb8 31. e5 Rf5 32. g4 Rf7 33. f5 Rbf8 34. f6
gxf6 35. exf6 Rxf6 36. Rg1 Rf1+ 37. Rxf1 Rxf1+ 38. Kb2 Rg1 39. Kc3 c5 40. b4 Rg3+
41. Kb2 cxb4 42. Kc1 Rxg4 43. a5 Rh4 44. Kb2 Rxh5 45. Kb3 Rh4 46. a6 Rc4 47. Ka4
Rxc2 48. Kxb4 Ra2 49. Kb5 h5 50. Kc6 Rxa6+ 51. Kc5 h4 0-1

[Event "9. Miedzynardowy Turniej Klubu Polonia Wroclaw<br/>Turniej OPEN"]
[Site "Wroclaw"]
[Date "2014-07-05"]
[Round "5.30"]
[White "Molenda, Mikolaj"]
[Black "Szotkowski, David"]
[Result "1/2-1/2"]
[WhiteTitle "II"]
[BlackTitle "III"]
[WhiteElo "1410"]
[BlackElo "1369"]

1. e4 Nf6 2. e5 Nd5 3. d4 d6 4. c4 Nb6 5. f4 dxe5 6. fxe5 Nc6 7. Nf3 Bg4 8. Be3
e6 9. Be2 Bxf3 10. gxf3 Qh4+ 11. Bf2 Qf4 12. Qd2 Bb4 13. Nc3 Qxd2+ 14. Kxd2 O-O-O
15. Rhg1 Nxd4 16. Bxd4 Rxd4+ 17. Ke3 Bc5 18. b4 Nxc4+ 19. Bxc4 Rxc4+ 20. bxc5
Rxc3+ 21. Kd4 Rxf3 22. Rxg7 Kd7 23. Rb1 b6 24. Rb3 Rf2 25. cxb6 axb6 26. a3 Ke7
27. Rc3 Rd8+ 28. Ke3 Rf5 29. Rxc7+ Rd7 30. Rxd7+ Kxd7 31. Rxh7 Rxe5+ 32. Kd4 Rd5+
33. Ke4 Ke7 34. h4 Kf6 35. Rh8 Ra5 36. Rb8 Rxa3 37. Rxb6 Ra4+ 38. Kf3 Rxh4 39.
Kg3 Kg5 40. Rb5+ e5 41. Rxe5+ Kf6 42. Ra5 Re4 43. Kf3 Re5 44. Ra7 Re1 45. Kf2
Re7 46. Ra4 Kg6 47. Kf3 f5 48. Ra6+ Kg5 49. Ra5 Re4 50. Rb5 Rf4+ 51. Kg3 Ra4 52.
Kf3 Ra3+ 53. Kf2 Kg4 54. Rb8 Ra4 55. Rb5 f4 56. Rb3 Ra2+ 57. Kf1 Ra4 58. Kf2 f3
59. Rb8 Ra2+ 60. Kf1 f2 61. Rg8+ Kf3 62. Rf8+ Kg3 63. Rg8+ Kh3 64. Rf8 Kg3 1/2-1/2

[Event "9. Miedzynardowy Turniej Klubu Polonia Wroclaw<br/>Turniej OPEN"]
[Site "Wroclaw"]
[Date "2014-07-05"]
[Round "5.32"]
[White "Urban, Damian"]
[Black "Dadello, Barbara"]
[Result "1-0"]
[WhiteTitle "II"]
[BlackTitle "II+"]
[WhiteElo "1381"]
[BlackElo "1172"]

1. e4 c5 2. Nc3 d6 3. g3 Nf6 4. Bg2 e6 5. f4 Be7 6. d3 O-O 7. Nf3 Nbd7 8. O-O a6
9. h3 Qc7 10. Be3 b5 11. Qe1 Bb7 12. g4 Rac8 13. f5 e5 14. g5 Ne8 15. Kh1 b4 16.
Ne2 a5 17. Ng3 a4 18. Nh5 Qb6 19. f6 gxf6 20. gxf6 Nexf6 21. Qg3+ Ng4 22. Qxg4+
Kh8 23. Qg7# 1-0

[Event "9. Miedzynardowy Turniej Klubu Polonia Wroclaw<br/>Turniej OPEN"]
[Site "Wroclaw"]
[Date "2014-07-05"]
[Round "7.1"]
[White "Kubien, Jerzy"]
[Black "Grabarczyk, Miroslaw"]
[Result "0-1"]
[WhiteTitle "FM"]
[BlackTitle "GM"]
[WhiteElo "2185"]
[BlackElo "2469"]

1. e4 e5 2. Nf3 Nc6 3. Bc4 Bc5 4. d3 Nf6 5. Nc3 O-O 6. Bg5 h6 7. Bh4 Be7 8. h3
d6 9. O-O Be6 10. Bxe6 fxe6 11. d4 exd4 12. Nxd4 Nxd4 13. Qxd4 Nxe4 14. Qxe4 Bxh4
15. Qxe6+ Kh8 16. Rae1 Bf6 17. Qc4 c6 18. Qb3 Qb6 19. Nd1 d5 20. g3 Rae8 21. Kg2
Qc7 22. Ne3 Qf7 23. f4 h5 24. c3 Re4 25. Qd1 d4 26. cxd4 Bxd4 27. Nc2 Rxe1 28.
Nxe1 Bxb2 29. Nf3 Bf6 30. g4 Qxa2+ 31. Rf2 Qd5 32. Rd2 Qe4 33. g5 Bc3 34. Rd8
Qxf4 35. Rxf8+ Qxf8 36. Nh4 Qe8 37. Qd3 Ba5 38. Ng6+ Kg8 39. Qb3+ Qf7 40. Ne7+
Kf8 41. Ng6+ Qxg6 0-1

[Event "9. Miedzynardowy Turniej Klubu Polonia Wroclaw<br/>Turniej OPEN"]
[Site "Wroclaw"]
[Date "2014-07-05"]
[Round "7.2"]
[White "Kowalczyk, Rafal"]
[Black "Starczewska, Dominika"]
[Result "1/2-1/2"]
[WhiteTitle "k"]
[BlackTitle "k"]
[WhiteElo "2200"]
[BlackElo "1981"]

1. e4 c5 2. c3 d5 3. exd5 Qxd5 4. d4 Nc6 5. Nf3 Bg4 6. dxc5 Qxd1+ 7. Kxd1 e5 8.
b4 O-O-O 9. Nbd2 Nf6 10. Ke1 e4 11. Ng5 Ne5 12. f4 exf3 13. gxf3 Bh5 14. Nc4 Nxf3+
15. Nxf3 Bxf3 16. Rg1 Ng4 17. Bf4 Be7 18. Be2 Bxe2 19. Kxe2 Nf6 20. Rxg7 Nd5 21.
Be5 Rhe8 22. Kf1 f6 23. Bd6 Ne3+ 24. Kf2 Nxc4 25. Rxe7 Rxe7 26. Bxe7 Rd2+ 27.
Kg3 Rd3+ 28. Kf4 Rxc3 29. Bxf6 Rh3 30. Re1 Rxh2 31. b5 Nb2 32. Re8+ Kd7 33. Re7+
Kc8 34. Re8+ Kd7 35. Re7+ Kc8 36. Re3 Na4 37. Re8+ Kd7 38. Rd8+ Ke6 39. Rd6+ Kf7
40. Bd4 Rh5 41. c6 bxc6 42. bxc6 Rh1 43. Rd7+ Ke6 44. Rxa7 Rh4+ 45. Ke3 Rh3+ 46.
Kd2 Rh2+ 47. Kd3 Rxa2 48. Kc4 Nb2+ 49. Kb5 Rxa7 50. Bxa7 h5 51. Ka6 Nc4 52. Bb8
h4 53. Kb5 Nd6+ 54. Kb6 h3 55. Bxd6 Kxd6 1/2-1/2

[Event "9. Miedzynardowy Turniej Klubu Polonia Wroclaw<br/>Turniej OPEN"]
[Site "Wroclaw"]
[Date "2014-07-05"]
[Round "7.3"]
[White "Guzewicz, Rafal"]
[Black "Piotrowski, Przemyslaw"]
[Result "1/2-1/2"]
[WhiteTitle "I+"]
[BlackTitle "k"]
[WhiteElo "2076"]
[BlackElo "2132"]

1. d4 Nf6 2. Bf4 g6 3. e3 Bg7 4. h3 d6 5. Nf3 O-O 6. Be2 Nfd7 7. c4 e5 8. Bh2 Nc6
9. Nc3 exd4 10. exd4 Nf6 11. O-O Re8 12. Re1 Bf5 13. g4 Bd7 14. Bf1 Rxe1 15. Qxe1
h5 16. g5 Nh7 17. Qd2 f6 18. d5 Ne5 19. Bxe5 fxe5 20. Kh2 Qf8 21. Bg2 Re8 22.
Re1 Bf5 23. Ne4 Bxe4 24. Rxe4 Qf5 25. Qe3 b6 1/2-1/2

[Event "9. Miedzynardowy Turniej Klubu Polonia Wroclaw<br/>Turniej OPEN"]
[Site "Wroclaw"]
[Date "2014-07-05"]
[Round "7.4"]
[White "Kanicki, Krzysztof"]
[Black "Weichhold, Pawel"]
[Result "0-1"]
[WhiteTitle "I"]
[BlackTitle "m"]
[WhiteElo "2028"]
[BlackElo "2402"]

1. e4 c5 2. Nf3 Nc6 3. d4 cxd4 4. Nxd4 g6 5. c4 Bg7 6. Be3 Nf6 7. Nc3 d6 8. Be2
O-O 9. O-O Bd7 10. Qd2 Nxd4 11. Bxd4 Bc6 12. f3 a5 13. b3 Nd7 14. Be3 Nc5 15.
Rab1 e6 16. Nb5 Be5 17. Nd4 Qe7 18. a3 Rfd8 19. b4 axb4 20. axb4 Be8 21. Qc1 Ra2
22. bxc5 dxc5 23. Nc2 Ba4 24. Bd1 Rxd1 25. Rxd1 Rxc2 26. Qa3 Qh4 27. h3 Rxg2+
28. Kxg2 Qg3+ 29. Kf1 Qxf3+ 30. Ke1 Bg3+ 31. Kd2 Qg2+ 32. Bf2 Qxf2+ 33. Kd3 Bc2+
34. Kc3 Be5+ 35. Rd4 Bxd4# 36. Kxd4 0-1

[Event "9. Miedzynardowy Turniej Klubu Polonia Wroclaw<br/>Turniej OPEN"]
[Site "Wroclaw"]
[Date "2014-07-05"]
[Round "7.5"]
[White "Zeberski, Jakub"]
[Black "Teclaf, Pawel"]
[Result "1-0"]
[WhiteTitle "IM"]
[BlackTitle "CM"]
[WhiteElo "2348"]
[BlackElo "1920"]

1. e4 c5 2. Nf3 e6 3. d4 cxd4 4. Nxd4 a6 5. Bd3 g6 6. c4 Bg7 7. Nf3 Nc6 8. O-O
Nge7 9. Nc3 O-O 10. Bg5 d6 11. Qd2 Qc7 12. Rac1 Ne5 13. Be2 N7c6 14. Nd5 exd5
15. cxd5 Nxf3+ 16. Bxf3 Be5 17. dxc6 bxc6 18. Rc2 Be6 19. b3 a5 20. Rfc1 Rfc8
21. Be2 a4 22. b4 Qb7 23. f4 Bg7 24. Qxd6 Bf8 25. Qe5 Qxb4 26. f5 Bd7 27. Rc4
Qb6+ 28. Kh1 c5 29. Qg3 Bb5 30. e5 Qc7 31. Bf4 Qe7 32. e6 Bxc4 33. Bxc4 f6 34.
Bd6 Qg7 35. e7+ Kh8 36. exf8=Q+ Rxf8 37. Bxf8 Rxf8 38. Be6 g5 39. Rxc5 Qa7 40.
Qd6 Rb8 41. h3 1-0

[Event "9. Miedzynardowy Turniej Klubu Polonia Wroclaw<br/>Turniej OPEN"]
[Site "Wroclaw"]
[Date "2014-07-05"]
[Round "7.6"]
[White "Daniel, Damian"]
[Black "Djuric, Stefan"]
[Result "0-1"]
[WhiteTitle "I"]
[BlackTitle "GM"]
[WhiteElo "1869"]
[BlackElo "2393"]

1. d4 g6 2. Nf3 Bg7 3. g3 c5 4. c3 Qb6 5. Bg2 Nf6 6. O-O O-O 7. Nbd2 cxd4 8. cxd4
d5 9. Nb3 Nc6 10. Bf4 a5 11. a4 Bf5 12. Nh4 Be6 13. Qd3 Ne4 14. Be3 Nb4 15. Qd1
Rfd8 16. Rc1 Bd7 17. Nc5 Be8 18. Qb3 Nxc5 19. Rxc5 e5 20. Rcc1 e4 21. Rfd1 Qe6
22. f3 exf3 23. Bxf3 Bxa4 24. Qxa4 Qxe3+ 25. Kh1 Bxd4 26. Ng2 Qh6 27. b3 Bb2 28.
Rc5 b6 29. Rb5 Be5 30. Kg1 Rac8 31. Qa3 Rc2 32. Rxb4 axb4 33. Qxb4 Rc1 34. e3
Rxd1+ 35. Bxd1 g5 36. Qb5 Qg6 37. Kf2 Qf5+ 38. Ke2 Ra8 0-1

[Event "9. Miedzynardowy Turniej Klubu Polonia Wroclaw<br/>Turniej OPEN"]
[Site "Wroclaw"]
[Date "2014-07-05"]
[Round "7.7"]
[White "Dadello, Aleksandra"]
[Black "Grela, Kacper"]
[Result "1/2-1/2"]
[WhiteTitle "I++"]
[BlackTitle "I+"]
[WhiteElo "1880"]
[BlackElo "2007"]

1. e4 c5 2. Nf3 Nc6 3. d4 cxd4 4. Nxd4 Nf6 5. Nc3 d6 6. Bg5 e6 7. Qd2 a6 8. O-O-O
Bd7 9. f4 Be7 10. Bxf6 Bxf6 11. Nxc6 Bxc6 12. Bd3 Rc8 13. Ne2 Qb6 14. c3 Qf2 15.
g4 b5 16. Kb1 Qb6 17. g5 Be7 18. Rhf1 d5 19. exd5 Bxd5 20. f5 Qa5 21. Nc1 Rd8
22. f6 gxf6 23. gxf6 Bf8 24. Qe2 Qc7 25. a4 bxa4 26. Bxa6 Rd6 27. Bb5+ Kd8 28.
c4 Bc6 29. Bxc6 Qxc6 30. Qe5 Kc8 31. Ne2 Rxd1+ 32. Rxd1 Bc5 33. Nc3 Rd8 34. Rxd8+
Kxd8 35. Ne4 Bb6 36. Ng5 Qc7 37. Qe4 Qd7 1/2-1/2

[Event "9. Miedzynardowy Turniej Klubu Polonia Wroclaw<br/>Turniej OPEN"]
[Site "Wroclaw"]
[Date "2014-07-05"]
[Round "7.8"]
[White "Koszkul, Wojciech"]
[Black "Kowalczyk, Mariusz"]
[Result "1-0"]
[WhiteTitle "I+"]
[BlackTitle "I"]
[WhiteElo "1987"]
[BlackElo "1987"]

1. d4 d5 2. Nf3 e6 3. e3 Bd6 4. c4 c6 5. Nc3 f5 6. Be2 Nf6 7. O-O O-O 8. Bd2 Nbd7
9. a4 Ne4 10. a5 Qf6 11. g3 g5 12. c5 Bc7 13. Nxe4 dxe4 14. Ne1 Rd8 15. Nc2 Qh6
16. a6 Nf6 17. Nb4 f4 18. exf4 gxf4 19. Bxf4 Bxf4 20. gxf4 Qxf4 21. Ra3 Kh8 22.
Rg3 Rb8 23. f3 Qe3+ 24. Kh1 Nh5 25. Rgg1 Nf4 26. Qe1 Nxe2 27. Nc2 Qxg1+ 28. Rxg1
Nxg1 29. Kxg1 bxa6 30. b4 Rb7 31. Qxe4 Rg7+ 32. Kf2 Rdg8 33. Qe5 h6 34. Ne3 Kh7
35. Ng4 Rg5 36. Qf6 R8g7 37. Qxh6+ Kg8 38. Qf6 1-0